Financial accounting /
Saved in:
| Main Author: | |
|---|---|
| Other Authors: | , |
| Format: | Book |
| Published: |
Boston, Mass. :
McGraw-Hill/Irwin,
c2007.
|
| Edition: | 5th ed. |
| Subjects: | |
| Tags: |
Add Tag
No Tags, Be the first to tag this record!
|
MARC
| LEADER | 00000cam a22000004a 4500 | ||
|---|---|---|---|
| 020 | |a 9780073208145 |c TZS 8,000/= | ||
| 040 | |a MUL |b eng |e AACR | ||
| 082 | 0 | 0 | |a 657 LIB |
| 100 | 1 | |a Libby, Robert. | |
| 245 | 1 | 0 | |a Financial accounting / |c Robert Libby, Patricia A. Libby and Daniel G. Short. |
| 250 | |a 5th ed. | ||
| 260 | |a Boston, Mass. : |b McGraw-Hill/Irwin, |c c2007. | ||
| 300 | |a xxxi, 756, [104] p. : |b ill. (some col.) ; |c 29 cm. | ||
| 500 | |a Inserted McGraw-Hill's Homework Manager Plus access card. | ||
| 500 | |a Includes index. | ||
| 546 | |a eng. | ||
| 650 | 0 | |a Accounting. | |
| 650 | 0 | |a Corporations | |
| 650 | 0 | |a Financial statements. | |
| 700 | 1 | |a Libby, Patricia A. | |
| 700 | 1 | |a Short, Daniel G. | |
| 942 | |c BK | ||
| 999 | |c 3843 |d 3843 | ||